Economy of railway: contribution of rolling stock (Record no. 501443)

000 -LEADER
fixed length control field 00404cam a22001337a 4500
008 - FIXED-LENGTH DATA ELEMENTS--GENERAL INFORMATION
fixed length control field 180718b1987 xxu||||| |||| 00| 0 eng d
082 ## - DEWEY DECIMAL CLASSIFICATION NUMBER
Classification number APPPA 86-87 AGA
100 ## - MAIN ENTRY--PERSONAL NAME
Personal name Aga, R.N.
245 ## - TITLE STATEMENT
Title Economy of railway: contribution of rolling stock
Statement of responsibility, etc. by R.N. Aga
260 ## - PUBLICATION, DISTRIBUTION, ETC.
Place of publication, distribution, etc. New Delhi
Name of publisher, distributor, etc. Indian Institute of Public Administration
Date of publication, distribution, etc. 1987
300 ## - PHYSICAL DESCRIPTION
Extent 99p.
650 ## - SUBJECT ADDED ENTRY--TOPICAL TERM
Topical term or geographic name entry element Rolling stock
650 ## - SUBJECT ADDED ENTRY--TOPICAL TERM
Topical term or geographic name entry element Economy-Railway
Holdings
Withdrawn status Lost status Damaged status Not for loan Permanent Location Current Location Date acquired Full call number Barcode Date last seen Price effective from Koha item type
        Indian Institute of Public Administration Indian Institute of Public Administration 2018-08-04 APPPA 86-87 AGA GR11981 2018-08-04 2018-08-04 GR

Powered by Koha